| 000 | 00682nam a2200205 u 4500 | ||
|---|---|---|---|
| 005 | 20240924065410.0 | ||
| 008 | 101117s2008 mx r 000 0 spa d | ||
| 020 | _a9786074130263 | ||
| 035 | _aUPN01000178550 | ||
| 049 | _aCG | ||
| 050 | 4 |
_aLB2339 M6 _bP7.62 |
|
| 245 | 0 | 0 |
_aProblemas emergentes en el contexto educativo contemporáneo / _ccomp. Judith Fuentes Amour. |
| 260 |
_aMéxico : _bUPN, _c2008. |
||
| 300 |
_a145 p. : _bgráfs, cuadros |
||
| 440 | 0 |
_aCuadernos de investigación ; _v1 |
|
| 590 | _a(También localizas un ejemplar en el "Area de Reserva") | ||
| 650 | 4 |
_aEducación superior _zMéxico _94968 |
|
| 700 | 1 |
_aFuentes Amour, Judith, _ecomp. |
|
| 905 | _aLibro | ||
| 999 |
_c150653 _d150653 |
||